• 首页
  • 本馆介绍
  • 公告通知
  • 最新文献
  • 馆藏检索
  • 电子资源
  • 读者导购
  • 参考咨询
  • 我的图书馆
  • 登录
  • 详细信息显示
  • 放入我的书架
  • 预约/预借图书
  • 作者相关作品
  • 分类相关作品
  • 丛书相关作品
  • 出版社相关作品

书目信息

  • 表格格式
  • 工作单格式
  • 卡片格式
题名:
生命科学史
    
 
作者: 玛格纳 著 ;李难 , 崔极谦 , 王水平 译
分册:  
出版信息: 天津   百花文艺出版社  2002
页数: 14, 736页
开本: 20cm
丛书名:
单 册:
中图分类: Q10
科图分类:
主题词: 生命科学--生物学史 , 生命科学 , 生物学史 , 生命起源
电子资源:
ISBN: 7-5306-3203-5
000 01398nam0 2200337 450
001 1553993551
005 20150118150030.28
010    @a7-5306-3203-5@dCNY35.00
100    @a20020311e20062002kemy0chiy0110 ea
101 1  @achi@ceng
102    @aCN@b120000
105    @aa z 001yd
200 1  @a生命科学史@Asheng ming ke xue shi@dA History of the Life Sciences@f(美) 洛伊斯·N.玛格纳(Lois N.Magner)著@g李难, 崔极谦, 王水平译@zeng
210    @a天津@c百花文艺出版社@d2002@h2006
215    @a14, 736页@c照片@d20cm
306    @aMarcel Dekker, Inc., 270Madison Avenue, New York授权出版
314    @a洛伊斯·N.玛格纳(女,Lois N.Magner),美国学者,美国普渡大学教授,从事医学史、科学史的教学和研究,著有《生命科学史》等。
314    @a李难(1937~),上海大学教授,江苏太仓人,历任上海大学科学哲学和科学史研究中心主任等,著有《进化论教程》等。
330    @a本书生动地描绘了生命科学起源和发展的过程,介绍了生物学的起源、古希腊的科学与哲学、文艺复兴时期的科学革命,以及解剖学等的产生的发展。
510 1  @aA History of the Life Sciences@zeng
606 0  @a生命科学@x生物学史
606 0  @a生命科学
606 0  @a生物学史
606 0  @a生命起源
690    @aQ10@v4
701  1 @a玛格纳@Ama ge na@c(Magner, Lois N)@4著
702  0 @a李难@Ali nan@4译
702  0 @a崔极谦@Acui ji qian@4译
702  0 @a王水平@Awang shui ping@4译
801  0 @aCN@bTAOJIN@c20060606
905    @aZUCC@dQ10@eJY19
    
    生命科学史=A History of the Life Sciences/(美) 洛伊斯·N.玛格纳(Lois N.Magner)著/李难, 崔极谦, 王水平译.-天津:百花文艺出版社,2002(2006)
    14, 736页:照片;20cm
    
    
    ISBN 7-5306-3203-5:CNY35.00
    本书生动地描绘了生命科学起源和发展的过程,介绍了生物学的起源、古希腊的科学与哲学、文艺复兴时期的科学革命,以及解剖学等的产生的发展。
●
相关链接 在E读中查询图书 在五车中查询图书 在当当中查询图书 在豆瓣中查询图书


正题名:生命科学史     索取号:Q10/JY19         预约/预借

序号 登录号 条形码 馆藏地/架位号 状态 备注
1 7848516   278485168   学院路分馆/ [索取号:Q10/JY19] 在馆    
2 7848517   278485177   学院路分馆/ [索取号:Q10/JY19] 在馆    
唐山师范学院图书馆 欢迎您!
大连网信软件有限公司© 版权所有